000 00377nam a2200157Ia 4500
008 230312s9999||||xx |||||||||||||| ||und||
020 _a0-19-906150-1
082 _a820
_bPIN-T
100 _aPinsker;Jane
245 0 _aTargeting Handwriting-4
260 _bOxford
_aPakistan
_c2014
300 _a67
546 _aEng.
650 _aLiterature
_vEnglish Literature
942 _cBK
999 _c9361
_d9361